000 00611nam a2200217Ia 4500
005 20240328094127.0
008 131103s9999 xx 000 0 und d
020 _a9.78E+12
_cRs.610.00
040 _aLoreto College
041 _aEnglish
082 _a514
_bSIM
100 _aSimmons,George F.
245 _aIntroduction to topology and modern analysis
_cGeorge F.Simmons
260 _aNew Delhi
_bTata McGraw-Hill Education
_c2012
300 _axv,372p
504 _aIncludes bibliographical references and index
650 _aTopology
651 _aModern analysis
850 _aLCLIB
942 _cBK
999 _c38718
_d89197